000 00607nam a2200181Ia 4500
003 GCL
008 140319s9999 xx 000 0 ara d
020 _a3941 0258
040 _aGCL /
_cGCL
082 0 4 _aد
_b050
_bو ع
245 1 0 _aالعربى اكتوبر 2005( القدس مملكة الضمير )
250 _aالاولى
260 _aالكويت :
_bوزارة الاعلام بدولة الكويت ،
_c2005
650 0 4 _aالبوسنة والهرسك - اللاجئين
650 0 4 _aالقران - اداب التلاوة
650 0 4 _aالقدس - الاستيطان
942 _2ddc
_cCR
999 _c7758
_d7758